|
|
|
|
| LEADER |
00000nam a22000007a 4500 |
| 005 |
20170216233448.0 |
| 007 |
cr|||| |||| |
| 008 |
170216s2016 es |||||s|||| 00||0 spa d |
| 020 |
|
|
|a 978-84-7351-534-4
|
| 035 |
|
|
|a 14727
|
| 040 |
|
|
|a vLex
|
| 090 |
|
|
|c 6555
|d 6555
|
| 100 |
1 |
|
|a Caraza Cristn̕, Mara̕ del Mar
|
| 245 |
1 |
2 |
|a La responsabilidad patrimonial de la administracin̤ y su relacin̤ con los estǹdares de calidad de los servicios pb︢licos
|h [Recurso electrn̤ico] /
|c Mara̕ del Mar Caraza Cristn̕
|
| 256 |
|
|
|a Servicio en ln̕ea
|
| 260 |
|
|
|a Madrid:
|b Instituto Nacional de Administracin̤ Pb︢lica (INAP),
|c 2016
|
| 300 |
|
|
|a 1 recurso electrn̤ico
|
| 500 |
|
|
|a Desde la cls̀ica formulacin̤ de Hauriou, la responsabilidad administrativa constituye, junto con el contencioso-administrativo, uno de los pilares del Derecho Administrativo, concebido este como un Derecho garantizador que protege al individuo frente a los daǫs que las Administraciones Pb︢licas puedan causarle como consecuencia de su actividad.
|
| 506 |
1 |
|
|a Disponible solo en los productos indicados
|d vLex Global
|d vLex Global (Academic Edition, excluding Law Schools)
|d vLex Global (U.S. Academic Edition, Law Schools)
|d vLex Global (U.S. Academic Edition, excluding Law Schools)
|d vLex Global (Academic Edition, Law Schools)
|
| 650 |
0 |
4 |
|a Derecho Pb︢lico y Administrativo
|z Espaą
|
| 650 |
0 |
4 |
|a Servicios pb︢licos
|z Espaą
|
| 740 |
0 |
|
|a vLex Libros (Servicio en ln̕ea)
|
| 856 |
4 |
0 |
|u http://vlex.com/source/responsabilidad-patrimonial-de-la-administracion-y-su-relacion-con-los-estandares-de-calidad-de-los-servicios-publicos-14727
|z Acceso restringido
|
| 942 |
|
|
|c BOOK
|
| 999 |
0 |
|
|a Public and Administrative Law
|
| 999 |
0 |
|
|a Public services
|